000 00583nam a22001457a 4500
020 _a0-393-09412-X
082 _a823
_bDEF/M
100 _aDEFOSE,DANIEL
245 _aMOLL FLANDERS
260 _aLONDON
_bNORTON& COMPANY
300 _a444
520 _aMoll Flanders is a story about the fall and rise of a beautiful woman who was born in Newgate Prison. Because of her determination to be someone other than a servant, and because of her great greed, she sought to marry a wealthy man. She married some with money and some without.
650 _aENGLISH NOVEL
_zLONDON
942 _cBK
999 _c3169
_d3169